| 000 | 00723nam a2200229 a 4500 | ||
|---|---|---|---|
| 001 | 43792 | ||
| 003 | BD-RjUL | ||
| 005 | 20211209053744.0 | ||
| 008 | 160627s1963 xx a 000 0 eng | ||
| 035 | _a(BD-RjUL)43910 | ||
| 040 |
_aDLC _cOClU _dUk _dBD-RjUL _beng |
||
| 041 | _aeng | ||
| 082 |
_223 _a338.46096 _bUNI 1963 |
||
| 110 | 2 |
_aUnited Nations. _bEconomic Commission for Africa. _9134603 |
|
| 245 | 1 | 0 | _aIndustrial growth in Africa / |
| 260 |
_aNew York : _bUnited Nations, _c1963. |
||
| 300 |
_aviii,100p. : _bill. ; _c28cm. |
||
| 490 | 0 | _aUnitd Nations. [Document] E/CN.14/INR/1/rev.1 | |
| 500 | _a"United Nations publication. Sales no.: 63.II.K.3." | ||
| 650 | 0 |
_aIndustries _zAfrica _9134602 |
|
| 942 |
_2ddc _cBK |
||
| 999 |
_c43792 _d43792 |
||